000 00625nam a2200229 a 4500
001 15383
003 BD-RjUL
005 20211208235814.0
008 140210s1975 ii 001 0 eng d
035 _aOCLC pks03602594 from D960826K
_a(BD-RjUL)15437
040 _aEQO
_cEQO
_beng
_dBD-RjUL
041 _aeng
082 _a 657
_bSAB 1975
_223
100 1 _a Sarker, N.
_947801
245 1 0 _aBook-keeping and accountancy /
_cn.Sarker
250 _a2nd ed.,
260 _aIndia:
_bAcademic publication.
_c1975.
300 _a831 p.:
_c24 cm.
504 _aIncludes Index.
650 _aAccounting.
_947802
942 _2ddc
_cBK
999 _c15383
_d15383